000 00728nam a2200265Ia 4500
005 20260121170715.0
008 008 260114s9999 xx 000 0 eng d
020 _a9783319934556
037 _aEBOOK
040 _aCRL
040 _beng
040 _cCRL
041 _2eng
041 _aeng
084 _qCRL
100 _aAlessandro Jacques Ribeiro, Lulu Healy, Rute Elizabete de Souza Rosa Borba, Solange Hassan Ahmad Ali Fernandes
_91067176
245 0 _aMathematics Education in Brazil
260 _bSpringer
260 _bSpringer
260 _c2018
856 _uhttps://link.springer.com/openurl?genre=book&isbn=978-3-319-93455-6
942 _cEBOOK
999 _c1632906
_d1632906